Responses for show #7240 - Friday, February 19, 2016

Contestants

[<< previous game]

Pat Woodard, a journalist and documentary producer from Denver, Colorado

Mitch Metcalfe, a digital marketer originally from Austin, Texas

Tim Kutz, a data conversion manager from Ogden, Utah (whose 2-day cash winnings total $63,499)

[next game >>]

Jeopardy! Round responses

ROCK ME GENTLY
LITERARY QUOTES
GREEN STUFF
"DO"
BREAD
MONEY IN OTHER WORDS
(Alex: Each response in that last category will be a current or former currency of a country.)
    $200 1
Coldplay

Tim
    $200 3
Camelot

Pat
    $200 14
rush

Tim
    $200 18
a docent

Tim
    $200 26
breadsticks

Mitch
    $200 13
a pound

Tim
    $400 2
Barry Manilow

Pat
    $400 4
Breakfast at Tiffany's

Tim
    $400 15
roasting

Mitch
    $400 20
doting

Tim
    $400 27
naan

Mitch
    $400 12
Rand

Tim
    $600 5
the Carpenters

Tim
    $600 8
Henry Miller

Mitch
    $600 16
a shrubbery

Mitch
    $600 21
a doge

Tim
    $600 28
a scone

Tim
    $600 11
(Mitch: What is a yearn?)

a yen

TimMitch
    $800 6
Hozier

Tim
    $800 24
Wind in the Willows

Pat
    $1,000 17
a pine

Mitch
    $800 22
doleful

Pat
    $800 29
sourdough

Triple Stumper
    $800 10
Schilling

Pat
    $1000 7
(Alex: You know your gentle singers.)

Neil Diamond

Tim
    $1000 25
Sam Spade

Tim
    $1000 19
(Mitch: What are ferns?)

worts

Mitch
Triple Stumper
    $1000 23
a dodecahedron

Tim
    $1000 30
leavening

Tim
    $1000 9
Real

Tim

Scores at the first commercial break (after clue 15):

Tim Mitch Pat
$5,400 $400 $1,400

Scores at the end of the Jeopardy! Round:

Tim Mitch Pat
$10,200 $1,600 $3,000

Double Jeopardy! Round responses

A GOOD VIEW AT THE OPERA
TRAVEL & TOURISM
PHILOSOPHY
AN ACTOR'S LIFE FOR ME
1890s AMERICA
AS EASY AS 1, 2, 4
    $400 11
"The Anvil Chorus"

Pat
    $400 1
lava

Pat
    $400 26
(Tim: What are three?)

two

TimMitch
    $400 21
(Mitch: What is 13 Hours?)

The Martian

TimMitch
    $400 6
Agriculture

Mitch
    $400 14
the money

Mitch
    $800 12
opera glasses

Tim
    $800 2
(Tim: What is the Netherlands?)

Norway

TimPat
    $800 30
Thomas Aquinas (Thomas of Aquinas accepted)

Mitch
    $800 22
J. Jonah Jameson

Tim
    $800 7
Cleveland

Tim
    $800 15
(Mitch: What is 4?)

25

MitchPat
    $1200 13
Vienna

Mitch
    $1200 3
Rome

Mitch
    $500 29
(Tim: I don't know.)

logic

Tim
    $1200 23
(Stanley) Tucci

Mitch
    $1200 8
(Pat: What is the Missouri?)
(Mitch: What is Platt?)

the Mississippi

MitchPat
Triple Stumper
    $1200 16
Four Corners

Mitch
    $1600 19
(Mitch: What is Annie Oakley?)
...
(Alex: Her hometown was Melbourne, Australia.)

Dame Nellie Melba

Mitch
Triple Stumper
    $1600 4
the Musée d'Orsay (the Orsay accepted)

Mitch
    $1600 28
a democracy

Tim
    $1600 24
Spin City

Tim
    $1600 9
the Pinkerton agency

Tim
    $3,000 17
(Mitch: What is... pull lever?)

one-arm bandit

Mitch
    $2000 20
Lohengrin

Pat
    $2000 5
(Pat: What is the Algarvre?)
...
(Alex: Pat, you were so close. You added a letter that changed the pronunciation...)

the Algarve

Pat
Triple Stumper
    $2000 27
Spinoza

Triple Stumper
    $2000 25
Genisys

Tim
    $2000 10
sweatshops

Pat
    $2000 18
four flusher

Pat

Scores at the end of the Double Jeopardy! Round:

Tim Mitch Pat
$18,100 $3,000 $8,200
(lock game)

[wagering suggestions for these scores]

Final Jeopardy! Round responses

LATE ENTERTAINERS
MitchWho was Sammy Davis Jr.?
$3,000
PatWho is Sammy Davis Jr?
$8,000
TimWho is Sammy Davis Jr.?
$1,000
Sammy Davis Jr.

Final scores:

Tim Mitch Pat
$19,100 $6,000 $16,200
3-day champion: $82,599 3rd place: $1,000 2nd place: $2,000

Game dynamics:

Coryat scores:

Tim Mitch Pat
$18,600 $5,800 $8,200
25 R,
3 W
(including 1 DD)
15 R
(including 1 DD),
7 W
(including 1 DD)
12 R,
2 W

Combined Coryat: $32,600

The J! Archive is created by fans, for fans. The Jeopardy! game show and all elements thereof, including but not limited to copyright and trademark thereto, are the property of Jeopardy Productions, Inc. and are protected under law. This website is not affiliated with, sponsored by, or operated by Jeopardy Productions, Inc. Join the discussion at JBoard.tv.